| 000 | 00664nam a2200217 a 4500 | ||
|---|---|---|---|
| 005 | 20160115083413.0 | ||
| 008 | 140312b1997 waud gr|||| 00| 0 eng d | ||
| 040 |
_aCO-BoIAVH _cCO-BoIAVH |
||
| 041 | _aeng | ||
| 044 | _axxu | ||
| 082 |
_a333.707 _bG56m |
||
| 110 | 2 |
_bGlobal Environment Facility _911973 |
|
| 245 | 1 |
_aMexico, protected areas program _bproposed restructuring project |
|
| 260 |
_aWashington _bGEF _c1997 |
||
| 300 |
_a50 paginas. _bgraficos _c28 x 21 cm |
||
| 650 | 4 |
_aConservacion medio ambiente _zMéxico _951377 |
|
| 650 | 4 |
_aBiodiversidad _xConservación _951378 |
|
| 710 |
_a^aWorld Bank _93772 |
||
| 942 |
_cLIBRO _2ddc |
||
| 945 | _d2004-07-01 | ||
| 999 |
_c3949 _d3949 |
||